| 000 | 00687nam a22001937a 4500 | ||
|---|---|---|---|
| 999 |
_c170208 _d170208 |
||
| 005 | 20191212112818.0 | ||
| 010 | _aA-842577 | ||
| 020 |
_c92.00 _a- |
||
| 035 | _aA-842577 | ||
| 037 | _bBPPD | ||
| 082 | _a615.54 | ||
| 100 | _aا بن آ بی ا و سيبہ | ||
| 245 |
_aعيو ن ا لا نباءفی طبقا ت ا لا طباء _cا بن آ بی ا و سيبہ |
||
| 246 |
_aUyoon Al-Anba Fi Tabaqat Al- Atibba (Urdu) _bby Ibn-e-Abi Usaiba |
||
| 260 |
_aN.Delhi _c1990 ء _bCentral CouncilFor Reaserch In Unani Medicien |
||
| 270 |
_a5-Panchsheel Shoping Centre _bN.Delhi _k- _e110017 |
||
| 300 |
_a606 ص _c22 cm(hb) |
||
| 942 |
_2ddc _cUR _h615.54 _mا ب ن |
||